Coalfields enterprise fund (Record no. 69353)
[ view plain ]
| 000 -LEADER | |
|---|---|
| fixed length control field | 00856cam a2200217 4500 |
| 001 - CONTROL NUMBER | |
| control field | WB3803-22 |
| 008 - FIXED-LENGTH DATA ELEMENTS--GENERAL INFORMATION | |
| fixed length control field | 020124n2002 000 0 eng u |
| 035 ## - SYSTEM CONTROL NUMBER | |
| System control number | (Sirsi) u116430 |
| 245 ## - TITLE STATEMENT | |
| Title | Coalfields enterprise fund |
| 260 ## - PUBLICATION, DISTRIBUTION, ETC. | |
| Date of publication, distribution, etc. | 2002 |
| 490 ## - SERIES STATEMENT | |
| Series statement | DTLR News Release |
| Volume/sequential designation | (009) 22 January 2002, (3) |
| 520 ## - SUMMARY, ETC. | |
| Summary, etc. | EC gives go ahead for new £20m fund to breath life into former coalfield areas. The regeneration minister welcomed the decision adding it will help support new businesses in the coalfields. Lists local authorities in which the Coalfields Enterprise Fund may operate. For public enquiries: 020 7944 3000. |
| 590 ## - LOCAL NOTE (RLIN) | |
| Local note | WB |
| 650 ## - SUBJECT ADDED ENTRY--TOPICAL TERM | |
| Topical term or geographic name entry element | COALFIELDS ENTERPRISE FUND |
| 650 ## - SUBJECT ADDED ENTRY--TOPICAL TERM | |
| Topical term or geographic name entry element | COALFIELDS REGENERATION PROGRAMME |
| 650 ## - SUBJECT ADDED ENTRY--TOPICAL TERM | |
| Topical term or geographic name entry element | EC GRANTS |
| 650 ## - SUBJECT ADDED ENTRY--TOPICAL TERM | |
| Topical term or geographic name entry element | COALFIELD AREAS |
| 650 ## - SUBJECT ADDED ENTRY--TOPICAL TERM | |
| Topical term or geographic name entry element | BARCLAYS BANK |
| 690 ## - LOCAL SUBJECT ADDED ENTRY--TOPICAL TERM (OCLC, RLIN) | |
| Topical term or geographic name as entry element | REGENERATION |
| 942 ## - ADDED ENTRY ELEMENTS (KOHA) | |
| Suppress in OPAC | 0 |
| Withdrawn status | Lost status | Source of classification or shelving scheme | Damaged status | Not for loan | Home library | Current library | Shelving location | Date acquired | Total Checkouts | Full call number | Barcode | Date last seen | Copy number | Price effective from | Koha item type |
|---|---|---|---|---|---|---|---|---|---|---|---|---|---|---|---|
| Dewey Decimal Classification | London | London | News article | 24/01/2002 | WB3803-22 | 116430-1001 | 06/08/2019 | 1 | 06/08/2019 | News article |